Ogólny Quiz Geograficzny (100 pytań) - Statystyki

Ogólne statystyki
  • Ten quiz został rozwiązany 2 421 razy
  • Średni wynik to 37 z 100
Statystyki odpowiedzi
Pytanie Odpowiedź % Poprawnych
Największa rzeka Europy Wołga
78%
Największe miasto USA (pod względem liczby ludności) Nowy Jork
76%
Liczba stanów w USA 50
68%
Największa pustynia świata Sahara
68%
Największe jezioro świata Morze Kaspijskie
67%
Stolica Francji Paryż
67%
Największe miasto województwa Podkarpackiego Rzeszów
66%
Najwyższy szyt Polski Rysy
65%
Najmniejsze państwo świata Watykan
65%
Najdłuższa rzeka w Polsce Wisła
65%
Liczba państw powstałych po rozpadzie Jugosławii (bez Kosowa) 6
64%
Stolica Brazylii Brasilia
63%
Stolica Węgier Budapeszt
63%
Ocean na którym zatonął Titanic Ocean Atlantycki
63%
Stolica Rumunii Bukareszt
62%
Państwo ze stolicą w Vaduz Liechtenstein
62%
Najwyższy szczyt świata Mount Everest
62%
Największa wyspa świata Grenlandia
61%
Liczba państw powstałych po rozpadzie ZSRR (oficjalnie uznanych) 15
60%
Trzecie pod względem ludności miasto w Polsce Łódź
60%
Największy ocean Pacyfik
60%
Państwo w Afryce powstałe w roku 2011 Sudan Południowy
59%
Najgłębsze jezioro świata Bajkał
58%
Przepływa przez Londyn Tamiza
56%
Najwyższe góry Ameryki Południowej Andy
55%
Kraina geograficzna w Finlandii, słynie z Reniferów i wioski św. Mikołaja Laponia
55%
Stolica Iranu Teheran
55%
Pasmo górskie stanowiące granice pomiędzy Azją a Europą Ural
55%
Rdzenny mieszkaniec Ameryki Północnej Indianin
54%
Stolica Mongolii Ułan Bator
53%
Państwo ze stolicą w La Paz i Sucre Boliwia
51%
Pasmo górskie w Gruzji, Armenii i Azerbejdżanie Kaukaz
51%
Wyspa w Polsce Wolin
51%
Stan w USA, największe miasto - Miami Floryda
50%
Najwyższy szczyt Australi Góra Kościuszki
50%
Charakterystyczny typ wybrzeża w Norwegii Wybrzeże fiordowe
47%
Długość linii brzegowej Czech (w kilometrach) 0
46%
Największa religia na Filipinach Chrześcijaństwo
46%
Stolica Syrii Damaszek
45%
Miasto leżące nad cieśniną Bosfor Stambuł
45%
Państwo, gospodarz Mundialu w 2010 roku RPA
44%
Państwo ze stolicą w Kabulu Afganistan
43%
Miasto, w którym znajdują się Piramidy Giza
43%
Stolica Nowej Zelandii Wellington
43%
Stolica Walii Cardiff
41%
Najmniejsze państwo Azji Singapur
41%
Przepływa przez Kijów Dniepr
39%
Eksklawa Rosji Obwód Kaliningradzki
39%
Brytyjskie terytorium zamorskie (blisko wybrzeża Argentyny) Falklandy
37%
Kanał, pod którym poprowadzony jest Eurotunel La Manche
37%
Charakterystyczny i reprezentacyjny szczyt w Japonii Fudżi
35%
Należą do niej Baleary Hiszpania
34%
Kanał w Egipcie Kanał Sueski
34%
Nieuznawane państwo na terytorium Mołdawii Naddniestrze
34%
Stan w USA, którego główną atrakcją jest Wielki Kanion Arizona
33%
Kraj, który słynie z hodowli lam i alpak Peru
33%
Archipelag wysp należący do Ekwadoru Wyspy Galapagos
33%
Leży na niej stolica Indonezji - Jakarta Jawa
31%
Duże rosyjskie miasto położone blisko granicy z Koreą Północną Władywostok
31%
Największe miasto Australi Zachodniej Perth
30%
Największy eksporter pieczarek Polska
30%
Półwysep w kształcie buta Półwysep Apeniński
30%
Dawniej Zair Demokratyczna Republika Konga
29%
Dawniej Staliningrad Wołgograd
28%
Stan w USA ze stolicą w Sacramento Kalifornia
27%
Półwysep i stan w Meksyku, słynie z piramid Azteków Jukatan
26%
Największe miasto Grenlandii Nuuk
25%
Największy port w Europie Rotterdam
24%
Państwo z największą gęstością zaludnienia na świecie Bangladesz
23%
Pustynia w Namibii Namib
23%
Kraina geograficzna w Argentynie Patagonia
23%
Aktualna stolica Sri Lanki Sri Dźajawardanapura Kotte
23%
Głębokie jezioro tektoniczne w Afryce, a zarazem i państwo Malawi
22%
Jezioro w Kazachstanie i Uzbekistanie dotknięte katastrofą ekologiczną Jezioro Aralskie
21%
Półwysep, na którym leży Turcja Azja Mniejsza
20%
Dawna nazwa miasta Ho Chi Minh (Wietnam) Sajgon
19%
Wyspa w Rosji, miejsce detonacji Car Bomby Nowa Ziemia
18%
Najwyżej położone jezioro żeglowne świata Titicaca
17%
Wodospad Niagara znajduje się pomiędzy jeziorem Ontario i ... Erie
15%
Biedny region na południe od Sahary Sahel
15%
Najniżej położone państwo świata Malediwy
14%
Punkt Afryki wysunięty najdalej na południe Przylądek Igielny
14%
Miasto, gospodarz zimowych igrzysk olimpijskich w 1984 roku Sarajewo
14%
Wyspa w Indonezji o charakterystycznym kształcie (leży na niej miasto Makasar) Celebes
13%
Duże miasto na Bałkanach, dawniej Titograd Podgorica
13%
Jednostka administracyjna Chin Kanton
12%
Najwyższy szczyt Słowenii, znajdujący się w jej godle Triglav
11%
Jeden z regionów autonomicznych Serbii Wojwodina
11%
Europejskie państwo, gdzie zarazem urzęduje trzech prezydentów Bośnia i Hercegowina
10%
Cieśnina pomiędzy Zatoką Perską a Morzem Arabskim Ormuz
9%
Przepływa przez Montreal, jedna z większych rzek Ameryki Północnej Rzeka Świętego Wawrzyńca
9%
Wielkie jezioro, położone na północy Kanady Wielkie Jezioro Niedźwiedzie
9%
Miasto, w którym odbędzie się Wystawa Światowa w 2020 roku (EXPO 2020) Dubaj
8%
Przepływa przez Omsk (Rosja) Irtysz
8%
Jezioro w Wenezueli z dostępem do morza Maracaibo
8%
Charakterystyczny półwysep na północy Australii York
8%
Zatoka Morza Czerwonego, Izrael ma do niej dostęp Akaba
7%
Cieśnina pomiędzy Sumatrą a Półwyspem Malajskim Malakka
7%
Jezioro w Kazachstanie, w połowie słodkie, w połowie słone Bałchasz
6%
Pustynia w Chinach, w dosłownym tłumaczeniu "Śpiewające Piaski" Takla Makan
5%
Nie znaleziono quizów pasujących do podanych kryteriów
Rozkład punktacji
Procent ludzi z każdym wynikiem
Percentyl według liczby udzielonych odpowiedzi
Twoja historia wyników
Nie rozwiązałeś tego quizu